000 00242nam a2200097Ia 4500
001 686747
005 20250826161542.0
008 250824s9999 xx 000 0 und d
245 0 _aYAĞMURLA GELEN
_cYAŞAR KEMAL
260 _bYAPI KREDİ YAYINLARI
999 _c686747
_d686747